Central Library OPAC University of Rajshahi
Normal view MARC view

Entry Topical Term

Number of records used in: 3

001 - CONTROL NUMBER

  • control field: 11249

003 - CONTROL NUMBER IDENTIFIER

  • control field: BD-RjUL

005 - DATE AND TIME OF LATEST TRANSACTION

  • control field: 20240130091050.0

008 - FIXED-LENGTH DATA ELEMENTS

  • fixed length control field: 240130|| aca||aabn | a|a d

040 ## - CATALOGING SOURCE

  • Original cataloging agency: BD-RjUL
  • Transcribing agency: BD-RjUL

150 ## - HEADING--TOPICAL TERM

  • Topical term or geographic name entry element: Purity, Ritual
  • General subdivision: Islam

670 ## - SOURCE DATA FOUND

  • Source citation: Work cat.: (BD-RjUL)82853: الشوكاني، محمد بن علي ;; ،Al-Shawkani, Muhammad bin Ali, 1759-1839 11245, نيل الأوطار :nil al'awtar :, ١٤٢٠هج ٢٠٠٠م.